| 000 | 00528nam a2200193 u 4500 | ||
|---|---|---|---|
| 005 | 20210223131759.0 | ||
| 008 | 120703s2009 r 000 0 eng d | ||
| 020 | _a9786071103000 | ||
| 035 | _aUPN01000185674 | ||
| 049 | _aCG | ||
| 050 | 4 |
_aPQ7298.13 L3 _bD5.3 |
|
| 100 | 1 |
_aClavel, Ana, _d1961- _932581 |
|
| 245 | 1 | 3 |
_aEl dibujante de sombras / _cAna Clavel. |
| 260 |
_aMéxico : _bAlfaguara, _c2009. |
||
| 300 |
_a199 p. : _bil. |
||
| 600 | 0 | 4 |
_aGIOTTO, _d1266?-1337 - _vNOVELA _921157 |
| 905 | _aLibro | ||
| 999 |
_c157777 _d157777 |
||